00620nam a22001817a 4500952013100000999001700131003000400148005001700152008004100169020001800210040000900228082002200237100003800259245005100297260002800348300001200376942005000388 00102ddc40708SSaMESbMEScMALd2021-04-28g50.00l0o894.812301 KAR/Np41126r2021-04-28 00:00:00w2021-04-28yBKzGR30R2 c41310d41310OSt20210428103017.0210428b ||||| |||| 00| 0 eng d a9718182716650 coclc a894.812301bKAR/N 91839a Karakunnu, Sheikh Mohammed aNanmayude Pookkal/cSheikh Muhammed Karakkunnu aKozhikode:bIPH,c2019. a48pages 2ddccBKh894.812301iKAR/Nk894.812301mKAR/N